| 000 | 00970cab a2200253 4500 | ||
|---|---|---|---|
| 001 | WB2906-43 | ||
| 008 | 090401t1993 xxu||||| |||| 00| 0 eng d | ||
| 035 | _a(Sirsi) u48671 | ||
| 041 | _aeng | ||
| 245 | _aFurniture regs extended | ||
| 260 | _c1993 | ||
| 350 | _a0 | ||
| 490 |
_aDTI Press Notice _v(P/93/59) 8 February 1993 (2) |
||
| 520 | _aThe Furniture and Furnishings (Fire) (Safety) (Amendment) Regulations 1993 (in force 1 March 1993) extend the 1988 Regulations to the letting of furnished accommodation. | ||
| 650 | _aFIRE RESISTANCE REQUIREMENTS | ||
| 650 | _aMANAGEMENT-HEALTH AND SAFETY-FIRE SAFETY | ||
| 650 | _aFURNISHED ACCOMMODATION | ||
| 650 |
_aHEALTH AND SAFETY _96244 |
||
| 650 | _aHOLIDAY LETTINGS | ||
| 650 | _aPROPERTY-RESIDENTIAL PROPERTY-RESIDENTIAL LANDLORD AND TENANT-RESIDENTIAL TENANCIES | ||
| 690 | _aPROPERTY-RESIDENTIAL PROPERTY-RESIDENTIAL LANDLORD AND TENANT-RESIDENTIAL TENANCIES | ||
| 942 | _n0 | ||
| 948 | _c04/03/1997 | ||
| 999 |
_c30571 _d30571 |
||